| 000 | 00403cam a22001097a 4500 | ||
|---|---|---|---|
| 008 | 180718b1966 xxu||||| |||| 00| 0 eng d | ||
| 082 | _aR1x54 In7/eng/66/1 | ||
| 245 |
_aFinal report on engineering manpower survey _cby Institute Of Applied Manpower Research |
||
| 260 |
_aNew Delhi _bInstitute Of Applied Manpower Research _c1966 |
||
| 300 | _a237p. | ||
| 700 | _aIndia. Institute Of Applied Manpower Research | ||
| 999 |
_c496318 _d496318 |
||